[Event "VII Campeonato de España de Ve"]
[Site "Sabadell (Spain)"]
[Date "2009.12.16"]
[Round "5"]
[White "Ritter Aguilar, Jordi"]
[Black "Simon Padros, Emili"]
[Result "0-1"]
[WhiteElo "1963"]
[BlackElo "2229"]
[PlyCount "116"]
[EventDate "2009.12.12"]
[EventRounds "7"]
[EventCountry "ESP"]

1. e4 g6 2. d4 c6 3. Nc3 Bg7 4. g3 d6 5. Bg2 Nf6 6. Nge2 O-O 7. O-O Nbd7 8. h3
e5 9. Be3 Qc7 10. Qd2 Re8 11. g4 b5 12. Ng3 Nb6 13. b3 Bb7 14. Rae1 Rad8 15. f4
b4 16. Nd1 exd4 17. Bxd4 c5 18. Bb2 d5 19. Be5 Qc8 20. Qc1 Nxe4 21. Nxe4 dxe4
22. Bxg7 Kxg7 23. f5 c4 24. f6+ Kg8 25. Rf5 Rd5 26. Rf2 Qc5 27. Ne3 Rde5 28.
Kh1 Kh8 29. Rf4 cxb3 30. axb3 Nd5 31. Nxd5 Bxd5 32. Re3 Bc6 33. c4 g5 34. Rf1
Rd8 35. Rfe1 Qd4 36. R1e2 Ra5 37. Qb2 Qxb2 38. Rxb2 h6 39. Rbe2 Re5 40. Kh2 a5
41. Kg3 Rd4 42. Ra2 Kh7 43. h4 Kg6 44. Rf2 gxh4+ 45. Kxh4 Rd6 46. Rf4 Rxf6 47.
Bxe4+ Bxe4 48. Rfxe4 Rxe4 49. Rxe4 Rf3 50. Re5 Rxb3 51. Rxa5 Rc3 52. c5 Rc4 53.
Kg3 Kf6 54. Rb5 Ke6 55. Rb6+ Kd5 56. Rxh6 Rxc5 57. Rf6 Rc7 58. Rf4 Rb7 0-1

[Event "VII Campeonato de España de Ve"]
[Site "Sabadell (Spain)"]
[Date "2009.12.16"]
[Round "5"]
[White "Bautista Sanchez, Joan"]
[Black "Gonzalez Pabollet, Jesus Maria"]
[Result "1/2-1/2"]
[WhiteElo "2229"]
[BlackElo "1912"]
[PlyCount "63"]
[EventDate "2009.12.12"]
[EventRounds "7"]
[EventCountry "ESP"]

1. Nf3 Nf6 2. c4 c5 3. Nc3 Nc6 4. g3 d6 5. Bg2 Bg4 6. h3 Bd7 7. d4 e5 8. dxe5
dxe5 9. Bg5 Be7 10. O-O O-O 11. Qc1 Qc8 12. Kh2 Be6 13. Nd5 Nxd5 14. cxd5 Bxd5
15. Bxe7 Nxe7 16. Nxe5 Bxg2 17. Kxg2 Qe6 18. Nf3 Qc6 19. Kh2 Ng6 20. Qc2 Rae8
21. Rac1 b6 22. b4 Qb5 23. bxc5 Rxe2 24. Nd4 Rxc2 25. Nxb5 Rxc5 26. Rxc5 bxc5
27. Rc1 Rc8 28. Nxa7 Ra8 29. Nb5 Rxa2 30. Kg1 Ne7 31. Rxc5 g6 32. Nd6 1/2-1/2

[Event "VII Campeonato de España de Ve"]
[Site "Sabadell (Spain)"]
[Date "2009.12.16"]
[Round "5"]
[White "Ridameya Tatche, Jose Miguel"]
[Black "Ciuro Munoz, Ricardo"]
[Result "1/2-1/2"]
[WhiteElo "1998"]
[BlackElo "2148"]
[PlyCount "73"]
[EventDate "2009.12.12"]
[EventRounds "7"]
[EventCountry "ESP"]

1. e4 e6 2. Nf3 d5 3. Nc3 dxe4 4. Nxe4 Be7 5. d4 Nf6 6. Bd3 O-O 7. Nxf6+ Bxf6
8. Qe2 Nc6 9. c3 e5 10. dxe5 Bxe5 11. Bg5 Bf6 12. Be3 Qd5 13. Qc2 h6 14. Be4
Qc4 15. Nd2 Qb5 16. a4 Qh5 17. Bf3 Qf5 18. Qxf5 Bxf5 19. Bxc6 bxc6 20. O-O-O a5
21. Bf4 Ra7 22. Rhe1 Rb8 23. Be5 Bxe5 24. Rxe5 Be6 25. c4 g6 26. Rc5 Bf5 27. f3
h5 28. Nb1 Bxb1 29. Kxb1 Rb4 30. Rxc6 Rab7 31. Rd2 Rxa4 32. Rc5 Rbb4 33. Rc2
Rb7 34. Re2 Kf8 35. Ree5 Rab4 36. Re2 a4 37. Ka2 1/2-1/2

[Event "VII Campeonato de España de Ve"]
[Site "Sabadell (Spain)"]
[Date "2009.12.16"]
[Round "5"]
[White "Mas Recorda, Pere"]
[Black "Grau Brumos, Isidre"]
[Result "0-1"]
[WhiteElo "1993"]
[BlackElo "2117"]
[PlyCount "96"]
[EventDate "2009.12.12"]
[EventRounds "7"]
[EventCountry "ESP"]

1. d4 Nf6 2. Bf4 g6 3. e3 c5 4. Nf3 Qb6 5. Nc3 Bg7 6. Rb1 O-O 7. Be2 d6 8. h3
Nc6 9. d5 Nb8 10. e4 Nxe4 11. Nxe4 Qb4+ 12. Qd2 Qxe4 13. O-O Qa4 14. Bh6 Bf5
15. Bxg7 Kxg7 16. g4 Bc8 17. Qc3+ Kg8 18. Qe3 Kg7 19. b3 Qd7 20. Qc3+ Kg8 21.
Qe3 e5 22. dxe6 Qxe6 23. Qh6 Qf6 24. Ng5 Qg7 25. Qh4 d5 26. f4 h6 27. Nf3 Nc6
28. Rbd1 Be6 29. Kh2 f6 30. Bd3 Rae8 31. f5 g5 32. Qf2 Qc7+ 33. Kg2 c4 34. fxe6
cxd3 35. Rxd3 Nb4 36. Rd2 f5 37. e7 Rxe7 38. Nd4 f4 39. Nf5 Re6 40. Qd4 Re4 41.
Qb2 h5 42. a3 hxg4 43. Nh6+ Kh7 44. Nxg4 f3+ 45. Rxf3 Rxf3 46. Nf6+ Kg6 47.
Nxe4 dxe4 48. Kg1 Qf4 0-1

[Event "VII Campeonato de España de Ve"]
[Site "Sabadell (Spain)"]
[Date "2009.12.16"]
[Round "5"]
[White "Segura Vila, Juan"]
[Black "Fernandez Calzada, Juan A"]
[Result "1-0"]
[WhiteElo "2070"]
[BlackElo "1889"]
[PlyCount "59"]
[EventDate "2009.12.12"]
[EventRounds "7"]
[EventCountry "ESP"]

1. e4 c5 2. d4 cxd4 3. c3 dxc3 4. Nxc3 Nc6 5. Nf3 a6 6. Bc4 e6 7. O-O Qc7 8.
Qe2 d6 9. Rd1 Nf6 10. Bf4 Ne5 11. Bb3 Be7 12. Rac1 Qb8 13. Nd4 O-O 14. Bg3 Rd8
15. f4 Nc6 16. Kh1 Bd7 17. e5 dxe5 18. fxe5 Ne8 19. Nf3 Bf8 20. Ne4 Ne7 21.
Nf6+ gxf6 22. exf6 Qa7 23. fxe7 Bxe7 24. Ne5 b6 25. Qh5 f6 26. Qf7+ Kh8 27.
Qxe7 fxe5 28. Bxe5+ Kg8 29. Bc2 Bb5 30. Bxh7# 1-0

[Event "VII Campeonato de España de Ve"]
[Site "Sabadell (Spain)"]
[Date "2009.12.16"]
[Round "5"]
[White "Navines Monfa, Josep"]
[Black "Campos Calvo-Sotelo, Juan"]
[Result "0-1"]
[WhiteElo "1870"]
[BlackElo "2052"]
[PlyCount "70"]
[EventDate "2009.12.12"]
[EventRounds "7"]
[EventCountry "ESP"]

1. e4 e6 2. Nf3 a6 3. a3 b5 4. d3 c5 5. Be2 Nc6 6. O-O Bb7 7. Bf4 Nf6 8. h3 g6
9. Qd2 h6 10. Re1 d6 11. e5 dxe5 12. Nxe5 Nxe5 13. Bxe5 Bg7 14. Qf4 O-O 15. Nd2
Nd5 16. Qh2 f6 17. Bd6 Re8 18. Bxc5 f5 19. d4 e5 20. c3 Rc8 21. Rac1 Nf4 22.
Bf1 Rxc5 23. dxc5 Qxd2 24. b4 Nd3 25. Rcd1 Qxf2+ 26. Kh1 Nxe1 27. Qg1 Qxg1+ 28.
Kxg1 Nc2 29. Rd7 Bc8 30. Rd6 e4 31. c4 Nxa3 32. cxb5 axb5 33. c6 Kf7 34. c7 Be5
35. Rc6 Re7 0-1

[Event "VII Campeonato de España de Ve"]
[Site "Sabadell (Spain)"]
[Date "2009.12.16"]
[Round "5"]
[White "Monedero Gonzalez, Josep"]
[Black "Pujades Costa, Joan"]
[Result "0-1"]
[WhiteElo "2111"]
[BlackElo "1856"]
[PlyCount "86"]
[EventDate "2009.12.12"]
[EventRounds "7"]
[EventCountry "ESP"]

1. d4 Nf6 2. Nf3 g6 3. Nc3 d5 4. Bg5 Bg7 5. Qd2 Ne4 6. Qd3 Bf5 7. Qb5+ Nd7 8.
Qxd5 Nxg5 9. Nxg5 e6 10. Qb5 Qxg5 11. e4 Bxd4 12. exf5 O-O-O 13. fxe6 Bxc3+ 14.
bxc3 Qxb5 15. Bxb5 fxe6 16. O-O-O Rhf8 17. Rd2 Rf5 18. Bc4 Nc5 19. Rhd1 Rxd2
20. Rxd2 c6 21. f3 Kc7 22. Rd4 Rh5 23. h3 Rg5 24. g4 Re5 25. Kd2 b5 26. Bb3 a5
27. a3 Nxb3+ 28. cxb3 Rd5 29. Ke3 Rxd4 30. Kxd4 Kd6 31. f4 c5+ 32. Ke4 h6 33.
h4 Ke7 34. Ke5 Kd7 35. Kf6 b4 36. cxb4 a4 37. bxa4 c4 38. h5 gxh5 39. g5 hxg5
40. fxg5 c3 41. g6 c2 42. g7 c1=Q 43. g8=Q Qf4+ 0-1

[Event "VII Campeonato de España de Ve"]
[Site "Sabadell (Spain)"]
[Date "2009.12.16"]
[Round "5"]
[White "Demestres Lopez, Ricardo"]
[Black "Sogues Tena, Pilar"]
[Result "1-0"]
[WhiteElo "1782"]
[BlackElo "1553"]
[PlyCount "106"]
[EventDate "2009.12.12"]
[EventRounds "7"]
[EventCountry "ESP"]

1. e4 d6 2. d4 Nf6 3. Nc3 g6 4. Bg5 Bg7 5. Qd2 Nc6 6. O-O-O h6 7. Bh4 a6 8. f4
h5 9. h3 b5 10. Nf3 b4 11. Bxf6 bxc3 12. Qxc3 Bb7 13. Bxg7 Rg8 14. d5 Na7 15.
Bd4 Nb5 16. Bxb5+ axb5 17. a3 Ra4 18. Rhe1 Kf8 19. Bf2 Rc4 20. Qa5 Qd7 21. b3
Rc5 22. Bxc5 dxc5 23. Ne5 Qd6 24. Qxb5 Bc8 25. Nd3 c4 26. Nb4 Qxf4+ 27. Kb1
cxb3 28. cxb3 Qg3 29. Qd3 Qxg2 30. Rd2 Qxh3 31. Qxh3 Bxh3 32. Rc2 e6 33. dxe6
Bxe6 34. Nd5 Kg7 35. Kb2 c5 36. Rxc5 Rb8 37. b4 g5 38. Rc6 Kg6 39. Rc5 g4 40.
Rc4 h4 41. Rc6 Re8 42. Kc1 g3 43. Kd1 g2 44. Rg1 h3 45. Ke2 Rh8 46. Rc3 Kg5 47.
Kf2 Rh4 48. Ke3 h2 49. Rxg2+ Kh5 50. Rxh2 Rxh2 51. Kd4 Kg6 52. Ke5 Rh4 53. Rg3+
Kh7 1-0

[Event "VII Campeonato de España de Ve"]
[Site "Sabadell (Spain)"]
[Date "2009.12.17"]
[Round "6"]
[White "Anguera Maestro, Jaime"]
[Black "Gonzalez Rodriguez, Jorge A"]
[Result "0-1"]
[WhiteElo "2235"]
[BlackElo "2441"]
[PlyCount "56"]
[EventDate "2009.12.12"]
[EventRounds "7"]
[EventCountry "ESP"]

1. d4 Nf6 2. Nf3 e6 3. Bg5 h6 4. Bh4 b6 5. e3 Bb7 6. Nbd2 c5 7. c3 Be7 8. Bd3
d5 9. O-O Nc6 10. Qe2 O-O 11. Rfd1 Re8 12. Rac1 Rc8 13. Bb1 Nd7 14. Bg3 Nf8 15.
Nf1 Bf6 16. Be5 Bxe5 17. Nxe5 Nxe5 18. dxe5 f6 19. exf6 Qxf6 20. e4 Ng6 21. Ng3
Nf4 22. Qg4 d4 23. Nh5 Nxh5 24. Qxh5 e5 25. c4 Rf8 26. Qe2 Rc7 27. Rd3 Rcf7 28.
Rf3 Qg5 0-1

[Event "VII Campeonato de España de Ve"]
[Site "Sabadell (Spain)"]
[Date "2009.12.17"]
[Round "6"]
[White "Serra Olives, Tomas"]
[Black "Sarto Ramos, Angel"]
[Result "1-0"]
[WhiteElo "2143"]
[BlackElo "2014"]
[PlyCount "49"]
[EventDate "2009.12.12"]
[EventRounds "7"]
[EventCountry "ESP"]

1. e4 e6 2. d4 d5 3. Nc3 dxe4 4. Nxe4 Nd7 5. Nf3 Ngf6 6. Nxf6+ Nxf6 7. Bc4 c6
8. O-O Be7 9. Qe2 O-O 10. Bg5 h6 11. Bd2 Qc7 12. Ne5 c5 13. c3 b6 14. f4 Nd5
15. Rae1 Bb7 16. f5 Bd6 17. fxe6 fxe6 18. Qg4 Rxf1+ 19. Rxf1 Re8 20. Rf7 Qxf7
21. Nxf7 Kxf7 22. Bd3 Nf6 23. Qg6+ Kf8 24. Bxh6 Re7 25. Qxf6+ 1-0

[Event "VII Campeonato de España de Ve"]
[Site "Sabadell (Spain)"]
[Date "2009.12.17"]
[Round "6"]
[White "Estrada Martinez, Cesar"]
[Black "Aguera Martinez, Joaquin"]
[Result "1-0"]
[WhiteElo "2175"]
[BlackElo "2112"]
[PlyCount "123"]
[EventDate "2009.12.12"]
[EventRounds "7"]
[EventCountry "ESP"]

1. c4 g6 2. d4 Bg7 3. Nc3 c5 4. Nf3 cxd4 5. Nxd4 Nc6 6. Nc2 d6 7. e4 Nf6 8. Be2
O-O 9. O-O Bd7 10. Be3 Rc8 11. f3 Qa5 12. Qd2 Rfe8 13. Rac1 a6 14. Rfd1 Ne5 15.
b3 b5 16. b4 Qc7 17. c5 dxc5 18. Bxc5 Be6 19. Nd4 Bc4 20. a4 Bxe2 21. Qxe2 Ned7
22. Nb3 bxa4 23. Nxa4 Qc6 24. Nc3 Nxc5 25. bxc5 Rb8 26. Qc4 Nd7 27. Nd5 Ne5 28.
Nd4 Qc8 29. Qa2 Nc6 30. Nb6 Qc7 31. Nxc6 Qxc6 32. Qxa6 Bh6 33. Rc3 Rec8 34. Qa5
Rxb6 35. cxb6 Qxc3 36. Qxc3 Rxc3 37. b7 Be3+ 38. Kf1 Ba7 39. Rd8+ Kg7 40. Ra8
Rc1+ 41. Ke2 Rc2+ 42. Kd3 Rxg2 43. Rxa7 Rb2 44. Kc3 Rb1 45. Kc4 Kf6 46. Kc5 Ke5
47. Kc6 Rc1+ 48. Kd7 Rb1 49. Kxe7 f5 50. exf5 gxf5 51. Kd7 Kf4 52. Kc7 Kxf3 53.
b8=Q Rxb8 54. Kxb8 h5 55. Kc7 f4 56. Kd6 Kg2 57. Ra2+ Kg1 58. Ke5 f3 59. Kf4 f2
60. Ra1+ f1=Q+ 61. Rxf1+ Kxf1 62. h4 1-0

[Event "VII Campeonato de España de Ve"]
[Site "Sabadell (Spain)"]
[Date "2009.12.17"]
[Round "6"]
[White "Espau Guillem, Josep"]
[Black "Segura Vila, Juan"]
[Result "1-0"]
[WhiteElo "2003"]
[BlackElo "2070"]
[PlyCount "90"]
[EventDate "2009.12.12"]
[EventRounds "7"]
[EventCountry "ESP"]

1. d4 f5 2. g3 Nf6 3. Bg2 e6 4. c4 Be7 5. Nf3 O-O 6. O-O d6 7. Nc3 Qe8 8. e3 c6
9. b4 e5 10. d5 Bd7 11. Rb1 Qh5 12. Nh4 Qh6 13. e4 f4 14. Nf5 Bxf5 15. exf5 Ne8
16. Qd3 Qf6 17. Be4 Qh6 18. gxf4 exf4 19. Ne2 Bg5 20. dxc6 Nxc6 21. Bxc6 bxc6
22. Qf3 Rxf5 23. Qxc6 Rd8 24. Rb3 Nf6 25. Qf3 Re8 26. Bb2 Ne4 27. Rd3 Bf6 28.
Bxf6 Rxf6 29. Nd4 Ng5 30. Qd5+ Kh8 31. Nf3 Ne4 32. Qc6 Rfe6 33. c5 Qh3 34. Ne5
Rxe5 35. Rxh3 dxc5 36. bxc5 Nd2 37. Rd1 f3 38. Rxf3 Nxf3+ 39. Qxf3 Rxc5 40. Qf7
Rg5+ 41. Kf1 Rg8 42. Re1 h6 43. Re8 Rxe8 44. Qxe8+ Kh7 45. Qe4+ Rg6 1-0

[Event "VII Campeonato de España de Ve"]
[Site "Sabadell (Spain)"]
[Date "2009.12.17"]
[Round "6"]
[White "Simon Padros, Emili"]
[Black "Garcia Molina, Pablo"]
[Result "1-0"]
[WhiteElo "2229"]
[BlackElo "2022"]
[PlyCount "95"]
[EventDate "2009.12.12"]
[EventRounds "7"]
[EventCountry "ESP"]

1. e4 e6 2. d4 d5 3. e5 c5 4. c3 Qb6 5. Nf3 Bd7 6. a3 Bb5 7. b4 cxd4 8. Bxb5+
Qxb5 9. cxd4 Ne7 10. Nc3 Qd7 11. O-O h5 12. Bg5 Nf5 13. Rc1 Nc6 14. Ne2 Be7 15.
Bxe7 Qxe7 16. Qd2 a6 17. Rc5 O-O 18. Rfc1 Rac8 19. R1c2 Na7 20. Qc1 Rxc5 21.
Rxc5 Rd8 22. h3 Rd7 23. Qf4 b6 24. Rc1 Rc7 25. Rxc7 Qxc7 26. g4 hxg4 27. hxg4
Nh6 28. Ng3 Kf8 29. g5 Ng8 30. g6 f5 31. Ng5 Qe7 32. Qc1 Nh6 33. f4 Qd7 34. Qc7
Qxc7 35. Nxe6+ Ke7 36. Nxc7 Nb5 37. Nxd5+ Ke6 38. Nxb6 Nxd4 39. Nh5 Ne2+ 40.
Kf2 Nxf4 41. Nxf4+ Kxe5 42. Kf3 Ng4 43. Nh5 Nh2+ 44. Kg2 Ng4 45. Nd7+ Kd6 46.
Nb8 Ne3+ 47. Kf3 Nc2 48. Nxg7 1-0

[Event "VII Campeonato de España de Ve"]
[Site "Sabadell (Spain)"]
[Date "2009.12.17"]
[Round "6"]
[White "Grau Brumos, Isidre"]
[Black "Bautista Sanchez, Joan"]
[Result "1-0"]
[WhiteElo "2117"]
[BlackElo "2229"]
[PlyCount "82"]
[EventDate "2009.12.12"]
[EventRounds "7"]
[EventCountry "ESP"]

1. d4 d5 2. g3 Nf6 3. c4 e6 4. Bg2 Be7 5. Nc3 c6 6. Nf3 O-O 7. O-O b6 8. b3 Ba6
9. Ne5 b5 10. Bb2 b4 11. Nb1 Nfd7 12. Qc2 Nxe5 13. dxe5 Nd7 14. Nd2 Rc8 15. a3
Qb6 16. axb4 Bxb4 17. Rfd1 Rfd8 18. Nf3 Bc5 19. e3 Bb7 20. Bc3 Qc7 21. b4 Be7
22. Rxa7 dxc4 23. Bd4 Nb6 24. b5 Nd5 25. Rb1 c5 26. b6 Qc6 27. Bc3 Ra8 28. Nd2
Rxa7 29. bxa7 Qa6 30. Ra1 Qb5 31. Ra5 Qd7 32. Ne4 Ra8 33. Be1 c3 34. Qb3 Qc7
35. Bxc3 Nb4 36. Nxc5 Bxg2 37. Bxb4 Bd5 38. Qa3 Qxe5 39. Nd7 Qe4 40. Rxd5 Qb1+
41. Kg2 Bxb4 1-0

[Event "VII Campeonato de España de Ve"]
[Site "Sabadell (Spain)"]
[Date "2009.12.17"]
[Round "6"]
[White "Campos Calvo-Sotelo, Juan"]
[Black "Ridameya Tatche, Jose Miguel"]
[Result "1/2-1/2"]
[WhiteElo "2052"]
[BlackElo "1998"]
[PlyCount "85"]
[EventDate "2009.12.12"]
[EventRounds "7"]
[EventCountry "ESP"]

1. b4 e5 2. a3 a5 3. b5 Bc5 4. e3 Nf6 5. c4 Qe7 6. Bb2 d6 7. Nf3 e4 8. Nd4 Bxd4
9. Bxd4 Nbd7 10. Be2 Ne5 11. O-O Bf5 12. Nc3 O-O 13. Nd5 Nxd5 14. cxd5 Rfc8 15.
Rc1 Nd7 16. f4 f6 17. Bg4 Bxg4 18. Qxg4 Nc5 19. Bxc5 dxc5 20. Qe6+ Qxe6 21.
dxe6 b6 22. f5 Rd8 23. Rf2 Rd3 24. a4 Rad8 25. Rc4 Rxd2 26. Rxe4 Rd1+ 27. Rf1
R1d5 28. g4 h6 29. Kg2 Re8 30. h4 Kf8 31. Kg3 Ke7 32. Kf4 Rh8 33. Rc1 Rd3 34.
Rec4 Rhd8 35. Rg1 Rh8 36. Rg3 Rb3 37. e4 Rb4 38. Rgc3 Rd8 39. Kf3 Rd1 40. Ke2
Rd6 41. Kf3 Rd1 42. Ke2 Rd6 43. Kf3 1/2-1/2

[Event "VII Campeonato de España de Ve"]
[Site "Sabadell (Spain)"]
[Date "2009.12.17"]
[Round "6"]
[White "Ciuro Munoz, Ricardo"]
[Black "Mas Recorda, Pere"]
[Result "1-0"]
[WhiteElo "2148"]
[BlackElo "1993"]
[PlyCount "103"]
[EventDate "2009.12.12"]
[EventRounds "7"]
[EventCountry "ESP"]

1. e4 e6 2. d4 d5 3. Nd2 Nf6 4. e5 Nfd7 5. c3 c5 6. Bd3 Nc6 7. Ne2 Qb6 8. Nf3
f6 9. exf6 Nxf6 10. O-O cxd4 11. cxd4 Bd6 12. Nc3 O-O 13. Be3 Bd7 14. Qd2 Rac8
15. Bg5 Kh8 16. Bb5 a6 17. Bxc6 Bxc6 18. Bh4 Qc7 19. Bg3 Nd7 20. Rfe1 Rce8 21.
Rac1 Bxg3 22. hxg3 Qd6 23. Ne5 Nxe5 24. Rxe5 Rf5 25. Rce1 Rxe5 26. Rxe5 Bd7 27.
Ne2 Rf8 28. g4 Kg8 29. g3 Rf6 30. Nf4 Qb6 31. b4 Kf7 32. a3 a5 33. g5 Rf5 34.
Rxf5+ exf5 35. Nxd5 Qe6 36. Nf4 Qb3 37. Qd3 Qb2 38. Qc4+ Ke7 39. Qe2+ Qxe2 40.
Nxe2 axb4 41. axb4 h6 42. gxh6 gxh6 43. Nc3 Bc6 44. f4 Kd6 45. Kf2 Bh1 46. Ke3
Bc6 47. Kd3 b6 48. b5 Bg2 49. Na4 Kd5 50. Kc3 Bf1 51. Nxb6+ Ke4 52. Nc4 1-0

[Event "VII Campeonato de España de Ve"]
[Site "Sabadell (Spain)"]
[Date "2009.12.17"]
[Round "6"]
[White "Fernandez Calzada, Juan A"]
[Black "Demestres Lopez, Ricardo"]
[Result "0-1"]
[WhiteElo "1889"]
[BlackElo "1782"]
[PlyCount "71"]
[EventDate "2009.12.12"]
[EventRounds "7"]
[EventCountry "ESP"]

1. e4 c5 2. Nf3 d6 3. d4 cxd4 4. Nxd4 Nf6 5. f3 Nc6 6. c4 Nxd4 7. Qxd4 e5 8.
Qd3 Be7 9. Nc3 Be6 10. Be3 O-O 11. Be2 a6 12. O-O Rc8 13. b3 Nd7 14. Rac1 Rc6
15. Rfd1 Bg5 16. Kh1 Bxe3 17. Qxe3 f5 18. Qd2 f4 19. Na4 Qe7 20. Qe1 Qg5 21.
Qf2 Nf6 22. Nc3 Nh5 23. Kg1 Rf6 24. Nd5 Rg6 25. h4 Qd8 26. Kf1 Ng3+ 27. Ke1
Bxd5 28. cxd5 Qa5+ 29. Rd2 Rxc1+ 30. Bd1 b6 31. a3 Qc5 32. b4 Qxf2+ 33. Rxf2
Rh6 34. Kd2 Ra1 35. a4 Rxh4 36. Kc3 0-1

[Event "VII Campeonato de España de Ve"]
[Site "Sabadell (Spain)"]
[Date "2009.12.17"]
[Round "6"]
[White "Febrero Perez, Lluis"]
[Black "Pujades Costa, Joan"]
[Result "1-0"]
[WhiteElo "1599"]
[BlackElo "1856"]
[PlyCount "145"]
[EventDate "2009.12.12"]
[EventRounds "7"]
[EventCountry "ESP"]

1. e4 e5 2. Nf3 Nf6 3. Nc3 d5 4. exd5 Nxd5 5. Bc4 Nxc3 6. bxc3 Bd6 7. d4 exd4
8. cxd4 Qe7+ 9. Qe2 Qxe2+ 10. Kxe2 Bg4 11. h3 Bxf3+ 12. Kxf3 O-O 13. Re1 Nd7
14. g4 c6 15. Bg5 Rfe8 16. c3 Kf8 17. a4 Nb6 18. Bb3 f6 19. Be3 Rad8 20. c4 Bb8
21. a5 Nc8 22. d5 cxd5 23. Ba4 Re5 24. Reb1 Nd6 25. cxd5 Rxd5 26. Bc2 Bc7 27.
Bxa7 Rxa5 28. Rxa5 Bxa5 29. Bxh7 Nf7 30. Bc5+ Ke8 31. Bg6 Rd7 32. Bf5 Rc7 33.
Rb5 Bc3 34. Bb6 Nd6 35. Bg6+ Ke7 36. Rb3 Rc6 37. Be3 b5 38. h4 Ke6 39. Bf4 b4
40. Ke3 Kd5 41. Kd3 Rc4 42. Bxd6 Rd4+ 43. Ke3 Kxd6 44. Rxc3 Rxg4 45. Rd3+ Ke7
46. h5 Rc4 47. Kd2 f5 48. Bxf5 Rf4 49. Re3+ Kf6 50. Bg6 Rxf2+ 51. Ke1 Rf4 52.
Rb3 Rd4 53. Ke2 Rc4 54. Kd2 Rg4 55. Kc2 Rg2+ 56. Kd1 Rg1+ 57. Ke2 Rg4 58. Kf3
Rc4 59. Ke2 Rh4 60. Rf3+ Kg5 61. Kd2 Rc4 62. Rf5+ Kh6 63. Rb5 Rh4 64. Kc2 b3+
65. Kxb3 Rh3+ 66. Ka4 Ra3+ 67. Kb4 Rb3+ 68. Kc4 Rxb5 69. Kxb5 Kg5 70. Kc6 Kh6
71. Kd7 Kg5 72. Ke7 Kh6 73. Kf7 1-0

[Event "VII Campeonato de España de Ve"]
[Site "Sabadell (Spain)"]
[Date "2009.12.17"]
[Round "6"]
[White "Sogues Tena, Pilar"]
[Black "Monedero Gonzalez, Josep"]
[Result "0-1"]
[WhiteElo "1553"]
[BlackElo "2111"]
[PlyCount "66"]
[EventDate "2009.12.12"]
[EventRounds "7"]
[EventCountry "ESP"]

1. e4 e6 2. d4 d5 3. Nd2 Nf6 4. e5 Nfd7 5. c3 c5 6. Ngf3 Nc6 7. Bb5 Be7 8. O-O
O-O 9. Bxc6 bxc6 10. Nb3 Rb8 11. Qe2 c4 12. Nbd2 c5 13. b3 Nb6 14. dxc5 Bxc5
15. Nd4 Qc7 16. Re1 Be7 17. Nb5 Qd7 18. bxc4 Nxc4 19. Nd4 Ba6 20. Nxc4 Bxc4 21.
Qd2 Rb6 22. a4 Ra6 23. a5 f6 24. Ba3 Bxa3 25. Rxa3 fxe5 26. Nf3 e4 27. Nd4 e5
28. Nc2 Raf6 29. Qe3 Qf7 30. f3 exf3 31. Qf2 fxg2 32. Qxg2 Rg6 33. Ne3 Qf2+ 0-1

[Event "VII Campeonato de España de Ve"]
[Site "Sabadell (Spain)"]
[Date "2009.12.18"]
[Round "7"]
[White "Gonzalez Rodriguez, Jorge A"]
[Black "Grau Brumos, Isidre"]
[Result "0-1"]
[WhiteElo "2441"]
[BlackElo "2117"]
[PlyCount "62"]
[EventDate "2009.12.12"]
[EventRounds "7"]
[EventCountry "ESP"]

1. c4 e5 2. Nc3 Nc6 3. g3 g6 4. Bg2 Bg7 5. e3 Nh6 6. Nge2 d6 7. O-O Be6 8. d3
Qc8 9. Nd5 O-O 10. Re1 Bg4 11. b4 Re8 12. b5 Ne7 13. Nxe7+ Rxe7 14. Rb1 c6 15.
a4 c5 16. Qc2 Qf5 17. f3 Bxf3 18. Rf1 e4 19. Bxf3 exd3 20. Qb3 dxe2 21. Bxe2
Qe6 22. Bf3 Ng4 23. Bd5 Qe5 24. e4 Qd4+ 25. Kg2 Rxe4 26. Qf3 Re7 27. Bf4 h5 28.
Rbd1 Qf6 29. Bxb7 Rae8 30. Rd2 g5 31. Bxd6 Rxb7 0-1

[Event "VII Campeonato de España de Ve"]
[Site "Sabadell (Spain)"]
[Date "2009.12.18"]
[Round "7"]
[White "Espau Guillem, Josep"]
[Black "Serra Olives, Tomas"]
[Result "1/2-1/2"]
[WhiteElo "2003"]
[BlackElo "2143"]
[PlyCount "85"]
[EventDate "2009.12.12"]
[EventRounds "7"]
[EventCountry "ESP"]

1. d4 Nf6 2. Nf3 e6 3. c4 c5 4. d5 exd5 5. cxd5 g6 6. Nc3 d6 7. Bg5 Bg7 8. e4
a6 9. a4 Bg4 10. Be2 O-O 11. O-O Re8 12. Qc2 Nbd7 13. Rfe1 Qc7 14. Nd2 Bxe2 15.
Rxe2 h6 16. Bh4 g5 17. Bg3 Nh5 18. Nc4 Nxg3 19. hxg3 Ne5 20. Ne3 c4 21. Rd1 Nd3
22. Nf5 Qc5 23. Nxg7 Kxg7 24. Rxd3 cxd3 25. Qxd3 f6 26. Nd1 Rac8 27. Ne3 Re5
28. Nf5+ Kf8 29. Qf3 Qc1+ 30. Kh2 Qd1 31. Qh5 Rc1 32. Qxh6+ Ke8 33. Qg6+ Kd7
34. Qf7+ Kd8 35. Qxf6+ Kc8 36. Qf8+ Kc7 37. Qxd6+ Kc8 38. Qf8+ Kd7 39. Qd6+ Kc8
40. Qf8+ Kd7 41. Qd6+ Kc8 42. Qf8+ Kd7 43. Qd6+ 1/2-1/2

[Event "VII Campeonato de España de Ve"]
[Site "Sabadell (Spain)"]
[Date "2009.12.18"]
[Round "7"]
[White "Simon Padros, Emili"]
[Black "Estrada Martinez, Cesar"]
[Result "1-0"]
[WhiteElo "2229"]
[BlackElo "2175"]
[PlyCount "81"]
[EventDate "2009.12.12"]
[EventRounds "7"]
[EventCountry "ESP"]

1. e4 c6 2. Nf3 d5 3. exd5 cxd5 4. Ne5 Nc6 5. d4 Nf6 6. c3 g6 7. Bd3 Bg7 8. O-O
O-O 9. Qe2 Bd7 10. Nd2 a6 11. f4 Qc7 12. Ndf3 e6 13. Bd2 Ne8 14. Nxd7 Qxd7 15.
Ne5 Qc7 16. h4 Nd6 17. h5 b5 18. hxg6 hxg6 19. Qg4 Ne7 20. Rae1 Nc4 21. Bc1
Rae8 22. Rf3 Nf5 23. Rh3 Bf6 24. Qe2 Kg7 25. g4 Nfd6 26. Kg2 Rh8 27. Reh1 Rxh3
28. Rxh3 Rh8 29. Rxh8 Kxh8 30. b3 Nb6 31. Ba3 Kg7 32. Qe1 Nbc8 33. Bc5 Qb7 34.
g5 Be7 35. Qh4 Nf5 36. Bxf5 exf5 37. b4 a5 38. Qh6+ Kg8 39. Nxg6 fxg6 40. Qxg6+
Kh8 41. Qf7 1-0

[Event "VII Campeonato de España de Ve"]
[Site "Sabadell (Spain)"]
[Date "2009.12.18"]
[Round "7"]
[White "Aguera Martinez, Joaquin"]
[Black "Anguera Maestro, Jaime"]
[Result "1/2-1/2"]
[WhiteElo "2112"]
[BlackElo "2235"]
[PlyCount "63"]
[EventDate "2009.12.12"]
[EventRounds "7"]
[EventCountry "ESP"]

1. e4 c5 2. Nf3 Nc6 3. d4 cxd4 4. Nxd4 g6 5. Nc3 Bg7 6. Be3 d6 7. Be2 Bd7 8.
O-O Nf6 9. h3 O-O 10. f4 a6 11. Qd2 b5 12. Bf3 Rc8 13. Nxc6 Bxc6 14. Nd5 Nd7
15. c3 a5 16. f5 Ne5 17. Be2 Bxd5 18. Qxd5 Nc4 19. Bxc4 Rxc4 20. Rf3 Qa8 21.
fxg6 hxg6 22. Rxf7 Qxd5 23. Rxf8+ Kxf8 24. exd5 b4 25. Rf1+ Ke8 26. cxb4 Rxb4
27. b3 a4 28. Rf4 axb3 29. Rxb4 bxa2 30. Ra4 a1=Q+ 31. Rxa1 Bxa1 32. Kf2
1/2-1/2

[Event "VII Campeonato de España de Ve"]
[Site "Sabadell (Spain)"]
[Date "2009.12.18"]
[Round "7"]
[White "Sarto Ramos, Angel"]
[Black "Ciuro Munoz, Ricardo"]
[Result "1-0"]
[WhiteElo "2014"]
[BlackElo "2148"]
[PlyCount "37"]
[EventDate "2009.12.12"]
[EventRounds "7"]
[EventCountry "ESP"]

1. d4 e6 2. Nf3 d5 3. Bf4 c5 4. e3 Nc6 5. c3 Nf6 6. Nbd2 Bd6 7. Bg3 Qe7 8. Ne5
cxd4 9. exd4 Bxe5 10. dxe5 Nd7 11. f4 O-O 12. Bd3 f6 13. exf6 Nxf6 14. O-O Bd7
15. Qe2 Rae8 16. Rae1 Qf7 17. Nf3 Nh5 18. Ng5 Nxg3 19. Bxh7+ 1-0